Movies Quiz

Random Movies or Food Quiz

Animated Movies by Food Quiz Stats

 Plays Quiz Updated Feb 3, 2018

Score 0/20 Timer 05:00
4 Plays Today
% Correct
Snow White and the Seven Dwarfs
96.3%
Beauty and the Beast
93.6%
The Simpsons Movie
93.5%
Lady and the Tramp
92.4%
Shrek
88.7%
Kung Fu Panda
87.4%
Lilo & Stitch
85.2%
The Incredibles
84.3%
Cloudy with a Chance of Meatballs
83.2%
Aladdin
77.8%
% Correct
Ratatouille
77.7%
A Goofy Movie
77.3%
Dr. Seuss' How the Grinch Stole Christmas!
77.3%
The Princess and the Frog
76.5%
The Emperor's New Groove
74.9%
Monsters, Inc.
68.5%
A Charlie Brown Thanksgiving
64.9%
Spirited Away
48.9%
The Iron Giant
32.5%
Ponyo
22.8%

You're not logged in!

Compare scores with friends on all Sporcle quizzes.
OR
Log In

You Might Also Like...

Show Comments

Extras

Top Quizzes Today


Score Distribution

Your Account Isn't Verified!

In order to create a playlist on Sporcle, you need to verify the email address you used during registration. Go to your Sporcle Settings to finish the process.

Report this User

Report this user for behavior that violates our Community Guidelines.

Details: